000 01214nam a22003617a 4500
003 CHAP
005 20220329133125.0
008 971013s1990 r 00010 d
010 _a2422
011 _a3394
035 _a2594
040 _cCHAP
090 _aFolleto 13416
100 0 0 _aBeilock, Richard.
_911309
245 _aMovements of fresh fruits and vegetables in the United States
260 _a[s.l.] :
_bTransportation of Southern Perishables,
_c1990
300 _a67 p.
_b; mapas; gráfs.
490 _aSouthern Cooperative series bulletin
_v; S-182
500 _aD45-208
590 _aBATCH-UPD
_b10
_c20130110
_lUCH01
_h1341
590 _aBATCH-UPD
_b10
_c20130410
_lUCH01
_h0842
590 _aBATCH-UPD
_b10
_c20130914
_lUCH01
_h1446
590 _aCONVERSION
_b10
_c20130109
_lUCH01
_h1303
650 1 4 _aFruta
_xMercadeo
_xE.U.A.
_943637
650 1 4 _aFruta
_xTransporte.
_943662
650 1 4 _aLegumbres
_xMercadeo
_xE.U.A.
_965746
650 1 4 _aLegumbres
_xTransporte.
_965790
650 1 4 _aProductos agrícolas
_xTransporte.
_992035
830 0 _aSouthern Cooperative series bulletin
_v; S-182
_9108977
901 _aBK
942 _cFOLL
949 _aFolleto 13416
_bBC
_cFOLL
_d-12098
_eTS1
_i2594
_mD
_si
999 _c2422
_d2422